00430nam a2200193Ia 4500003000900000008004100009040001300050040001300063041000800076100002000084245005100104250001100155260001500166260000900181300001100190300001000201490001900211490000600230IT-RoPAU120407s9999 xx 000 0 und d aIT-RoPAU cIT-RoPAU aita aHervé Carrier aPsico-sociologia dell’appartenenza religiosa aTorino aElle Di Ci c1965 a373 p. c24 cm aFons Veritatis v1